| 000 | 00489nam a2200169Ia 4500 | ||
|---|---|---|---|
| 999 |
_c28886 _d28886 |
||
| 003 | OSt | ||
| 005 | 20210108103830.0 | ||
| 008 | 190216s9999||||xx |||||||||||||| ||und|| | ||
| 040 | _coclc | ||
| 082 |
_a894.812301 _bAYI/O |
||
| 100 |
_aAyilur, B C Mohan _98251 |
||
| 245 | 0 |
_aOru Valanja Vara / _cB C Mohan Ayilur |
|
| 260 |
_bZorba Publications, _aPalakkad: _c2006. |
||
| 300 | _a79p | ||
| 650 | _aKathakal | ||
| 942 |
_cBK _2ddc _h894.812301 _iAYI/O _k894.812301 _mAYI/O |
||